Library Banner

Civil law cases [CLC, Vol. XLVI, 2024] : (Record no. 137100)

MARC details
000 -LEADER
fixed length control field 00580nam a2200193Ia 4500
001 - CONTROL NUMBER
control field 49203
005 - DATE AND TIME OF LATEST TRANSACTION
control field 20250311123207.0
008 - FIXED-LENGTH DATA ELEMENTS--GENERAL INFORMATION
fixed length control field 250311s9999 xx 000 0 und d
020 ## - INTERNATIONAL STANDARD BOOK NUMBER
International Standard Book Number NA
040 ## - CATALOGING SOURCE
Transcribing agency PK-LaUMT
082 ## - DEWEY DECIMAL CLASSIFICATION NUMBER
Classification number 346.002645491
Item number CIV-
245 ## - TITLE STATEMENT
Title Civil law cases [CLC, Vol. XLVI, 2024] :
Remainder of title monthly journal of civil rulings /
Statement of responsibility, etc edited by Muhammad Azhar, Kashif Zubair and Muhammad Faizan Azhar
260 ## - PUBLICATION, DISTRIBUTION, ETC. (IMPRINT)
Place of publication, distribution, etc Lahore,Pakistan:
Name of publisher, distributor, etc The Civil Law Cases,
Date of publication, distribution, etc 2024
300 ## - PHYSICAL DESCRIPTION
Extent 3 vols.
501 ## - WITH NOTE
With note 3 vols.
546 ## - LANGUAGE NOTE
Language note EN
650 ## - SUBJECT ADDED ENTRY--TOPICAL TERM
Topical term or geographic name as entry element Civil cases
942 ## - ADDED ENTRY ELEMENTS (KOHA)
Koha item type Law and Policy Journals
Holdings
Withdrawn status Lost status Damaged status Home library Current library Date acquired Full call number Barcode Date last seen Copy number Price effective from Koha item type
      UMT Main Campus UMT Main Campus 2025-03-11 346.002645491 CIV- 149038 2025-03-11 Vol.1 2025-03-11 Books
      UMT Main Campus UMT Main Campus 2025-03-11 346.002645491 CIV- 149039 2025-03-11 Vol.2 2025-03-11 Books
      UMT Main Campus UMT Main Campus 2025-03-11 346.002645491 CIV- 149040 2025-03-11 Vol.3 2025-03-11 Books